000 010510000a22002290004500
020 _a84-330-1937-6
082 0 4 _aG 179.7 R6961u
100 1 _aRodríguez-Arias Vailhen, David 1979-
245 1 0 _aUna muerte razonable : testamento vital y eutanasia / David Rodríguez-Arias Vailhen
260 _aBilbao : Desclée de Brouwer
300 _a147 p., 21cm
440 0 _aCol. Ética Aplicada ; no. 4
501 _arústico
504 _aBibliografía: p. 141-147
505 0 0 _aIntroducción al concepto de directrices anticipadas -- Problemas prácticos y aplicación de las directrices anticipadas -- Disponibilidad de la vida: vida versus libertad -- Intereses personales, "personalidad" e identidad personal: fundamentos teóricos de las decisiones tomadas por adelantado
650 1 4 _aEUTANASIA \ DELITOS CONTRA LA PERSONA \ HOMICIDIO \ DERECHOS HUMANOS \ DERECHO Y ETICA \ VIDA - DERECHO
001 18005
942 _cBK
999 _c44498
_d44498
336 _atexto
_btxt
_2rdacontent
337 _2rdamedia
_asin mediación
_bn
338 _2rdacarrier
_avolumen
_bnc